000
00301nam a22001337a 4500
008
170615b xxu||||| |||| 00| 0 eng d
020
_a
0915957146
041
_a
eng
080
_a
94
100
_a
16
101
_a
SHH
245
_a
SAUDI ARABIA: A KINGDOM IN TRANSITION
_c
SWEEL,AL
942
_2
udc
_c
BK
999
_c
17642
_d
17642